| 000 | 00762nam a22002537a 4500 | ||
|---|---|---|---|
| 003 | UA-OsUOA | ||
| 001 | 22624 | ||
| 007 | ta | ||
| 008 | 20031223b un ||||| |||| 00| 0 ukr d | ||
| 100 | _aІшмуратов А.Т. | ||
| 090 |
_a161 _bІ97 |
||
| 942 | _cBK | ||
| 040 |
_aUA-OsUOA _bukr _cUA-OsUOA _dUA-OsUOA |
||
| 245 |
_aВступ до філософської логіки _bПідручник для студентів та аспірантів гуманітарних спеціальностей вищих навчальних закладів |
||
| 300 | _a350 с. | ||
| 955 | _a0 | ||
| 041 | _aukr | ||
| 080 | _a161 | ||
| 020 | _a966-531006-2 | ||
| 260 |
_aКиїв _bАбрис _c1997 |
||
| 044 | _aUA | ||
| 650 | 7 | _2UDC | |
| 999 |
_c308846 _d308846 |
||